000 01788nam a22002537a 4500
999 _c21980
_d21980
003 AR-CdUCM
008 190425b ||||| |||| 00| 0 spa d
040 _aMUNICIPALIDAD PROVINCIAL DEL CUSCO
_cBIBLIOTECA MUNICIPAL DEL CUSCO
082 _aCsyArts/N°2/1958
245 _aCiencias y Artes :
_bRevista de Cultura /
_cÓrgano de la Gran Unidad Escolar Inca Garcilaso de la Vega
260 _aCusco.
_bH.G. Rozas,
_c1958.
300 _a125 páginas. :
_bilustraciones ;
_c21 cm.
440 _aRevista de Cultura Ciencias y Artes.
_nAño II, Número 2, junio de 1958.
_947043
505 _aContenido: Cuzco Inmortal. Manuel Cuadros. -- El Inca Garcilaso de la Vega, discurso. Manuel E. Cuadros. -- Finalidad social y democracia de la educación secundaria común. Benjamín Rojas Díaz. -- El combate del 2 de mayo de 1866. Federico Monteagudo. -- Homenaje al día del Cusco. César Sánchez Esquivel. -- El aprendizaje. Hugo Flórez Ugarte. -- Las leyes nuevas de 1542 y 1543. Horacio Villanueva Urteaga. -- Algunos casos dudosos de acentuación ortográfica. David Samanez F. -- El Cuzco a través de los tiempos. Julio Gutiérrez. -- Narciso Aréstegui autor del Padre Horán. Mac Cervantino. -- La educación técnica y el problema indígena. Godofredo Mendoza Contreras. -- Reseña histórica del Instituto Industrial N°4. Augusto Mendoza A. -- Poemas de Mario Ruíz de Castilla. Mario Escobar Moscoso. Andrés Alencastre. Antonio Durant Teves. Rubén Caparó...
650 _aEducación
_9460
650 _aEducación técnica
_95178
650 _aPoesía
_947044
700 _aVillanueva Urteaga, Horacio
_95790
700 _aYábar Moreno, Jorge
_946561
700 _aEscobar Moscoso, Mario
_931091
700 _aAlencastre, Andrés
_947045
942 _2ddc
_cPP
945 _arac